书目信息 |
| 题名: |
图说中国文化
|
|
| 作者: | 陈静 , 燕泥 编著 | |
| 分册: | 艺术卷 | |
| 出版信息: | 长春 吉林人民出版社 2007 |
|
| 页数: | 208页 | |
| 开本: | 25cm | |
| 丛书名: | ||
| 单 册: | ||
| 中图分类: | K203-49 , J120.9 | |
| 科图分类: | ||
| 主题词: | 文化史--中国--通俗读物 , 艺术史--中国--通俗读物 , 文化史 , 艺术史 | |
| 电子资源: | ||
| ISBN: | 978-7-206-05385-6 | |
| 000 | 01036nam0 2200301 45 | |
| 001 | 1050822875 | |
| 005 | 20100419100136.79 | |
| 010 | @a978-7-206-05385-6@dCNY39.80 | |
| 100 | @a20100326e20092007em y0chiy0110 ea | |
| 101 | 0 | @achi |
| 102 | @aCN@b220000 | |
| 105 | @aa z 000yy | |
| 106 | @ar | |
| 200 | 1 | @a图说中国文化@ATu Shuo Zhong Guo Wen Hua@dIllustrated Introductions of Chinese Culture@i艺术卷@IYi Shu Juan@f陈静,燕泥编著@FChen Jing, Yan Ni Bian Zhu@zeng |
| 210 | @a长春@c吉林人民出版社@d2007@h2009 | |
| 215 | @a208页@c图@d25cm | |
| 330 | @a本书侧重介绍中国文化中的书法、绘画、舞蹈、音乐等艺术门类,着力描述艺术家的个人情怀和艺术品格。 | |
| 510 | 1 | @aIllustrated Introductions of Chinese Culture@zeng |
| 606 | 0 | @a文化史@y中国@j通俗读物 |
| 606 | 0 | @a艺术史@y中国@j通俗读物 |
| 606 | 0 | @a文化史 |
| 606 | 0 | @a艺术史 |
| 690 | @aK203-49@v4 | |
| 690 | @aJ120.9@v4 | |
| 701 | 0 | @a陈静@AChen Jing@4编著 |
| 701 | 0 | @a燕泥@AYan Ni@4编著 |
| 801 | 0 | @aCN@bTANGWEI@c20100419 |
| 905 | @b0590844-45@dK203-49@e129:3@f2 | |
| 图说中国文化=Illustrated Introductions of Chinese Culture.艺术卷/陈静,燕泥编著.-长春:吉林人民出版社,2007(2009) |
| 208页:图;25cm |
| ISBN 978-7-206-05385-6:CNY39.80 |
| 本书侧重介绍中国文化中的书法、绘画、舞蹈、音乐等艺术门类,着力描述艺术家的个人情怀和艺术品格。 |
| ● |
| 相关链接 |
|
|
|
|
正题名:图说中国文化
索取号:K203-49/129:3
 
预约/预借
| 序号 | 登录号 | 条形码 | 馆藏地/架位号 | 状态 | 备注 |
| 1 | 0590844 | 205908446 | 第二样本阅览室/ [索取号:K203-49/129:3] | 在馆 | |
| 2 | 0590845 | 205908455 | 第二借阅区/ [索取号:K203-49/129:3] | 在馆 |